The study of History in secondary schools (Record no. 148648)

MARC details
000 -LEADER
campo de control de longitud fija 00908nam a2200229 4500
001 - NÚMERO DE CONTROL
campo de control 148648
003 - IDENTIFICADOR DE NÚMERO DE CONTROL
campo de control ES-MaACL
005 - FECHA Y HORA DE LA ÚLTIMA TRANSACCIÓN
campo de control 20230906202738.0
007 - CAMPO FIJO DE DESCRIPCIÓN FÍSICA--INFORMACIÓN GENERAL
campo de control de longitud fija t|
008 - DATOS DE LONGITUD FIJA--INFORMACIÓN GENERAL
campo de control de longitud fija 070214s1911 xxu r ||||1| eng d
245 04 - MENCIÓN DEL TÍTULO
Título The study of History in secondary schools
Resto del título : report to the American Historical Association /
Mención de responsabilidad, etc. [Andrew Cunningham McLaughlin... et al.].
260 ## - PUBLICACIÓN, DISTRIBUCIÓN, ETC.
Lugar de publicación, distribución, etc. New York :
Nombre del editor, distribuidor, etc. The Macmillan Company,
Fecha de publicación, distribución, etc. 1911.
300 ## - DESCRIPCIÓN FÍSICA
Extensión 72 p. ;
Dimensiones 19 x 12 cm.
500 ## - NOTA GENERAL
Nota general Autores del informe: Andrew Cunningham McLaughlin, Charles Homer Haskins, James Harvey Robinson, Charles W Mann, James Sullivan.
700 1# - ENTRADA AGREGADA--NOMBRE PERSONAL
Nombre de persona McLaughlin, Andrew Cunningham.
9 (RLIN) 79600
700 1# - ENTRADA AGREGADA--NOMBRE PERSONAL
Nombre de persona Haskins, Charles Homer.
9 (RLIN) 62037
700 1# - ENTRADA AGREGADA--NOMBRE PERSONAL
Nombre de persona Robinson, James Harvey.
9 (RLIN) 97893
700 1# - ENTRADA AGREGADA--NOMBRE PERSONAL
Nombre de persona Mann, Charles W.
9 (RLIN) 76041
700 1# - ENTRADA AGREGADA--NOMBRE PERSONAL
Nombre de persona Sullivan, James.
9 (RLIN) 108759
710 2# - ENTRADA AGREGADA--NOMBRE DE ENTIDAD CORPORATIVA
Nombre de entidad corporativa o nombre de jurisdicción como elemento de entrada American Historical Association.
9 (RLIN) 1360
852 ## - LOCALIZACIÓN
Ubicación ES-MaACL
Número de control de estantería F-8456
Holdings
Estatus retirado Estado de pérdida Estado de daño No para préstamo Biblioteca de origen Biblioteca actual Ubicación en estantería Fecha de adquisición Fuente de adquisición Total de préstamos Signatura topográfica completa Código de barras Visto por última vez Precio de reemplazo Tipo de ítem Koha
        Biblioteca del Ateneo de Madrid Biblioteca del Ateneo de Madrid Sala Pecera Planta 2 17/01/2008     F-8456 1155122 23/02/2023 23/02/2023 Libro impreso